Dědictví s podmínkou /

Hlavní autor: Waller, Cornelia
Další autoři: Nečasová, Dagmar, překladatelka
Jazyk: Čeština
Vydáno: Praha : I. Železný, 1996
Vydání: Vyd. 1.
Edice: Doktor v domě
Knihovnička Večerů pod lampou
Témata:
Fyzický popis: 60 s. ; 19 cm
Knihy
Uloženo v:
LEADER 01176nam a2200337 a 4500
001 000062528
003 CZ BrMZK
005 20211206065143.0
007 ta
008 950313s1996 xr g j cze d
015 |a cnb000115020 
020 |a 80-237-2718-4 
040 |a BOA001  |b cze 
072 7 |a 821-31/-34  |x Milostná, dobrodružná, fantastická próza  |2 Konspekt  |9 25 
080 |a 821-322.5  |2 MRF 
080 |a (0:82-322.5)  |2 MRF 
100 1 |a Waller, Cornelia  |7 jx20040819034  |4 aut 
245 1 0 |a Dědictví s podmínkou /  |c Cornelia Wallerová ; [z němčiny] přeložila Dagmar Nečasová 
250 |a Vyd. 1. 
260 |a Praha :  |b I. Železný,  |c 1996 
300 |a 60 s. ;  |c 19 cm 
490 1 |a Doktor v domě ;  |v 172 (13/96) 
490 1 |a Knihovnička Večerů pod lampou ;  |v 2030 
655 7 |a milostné povídky  |7 fd132834  |2 czenas 
700 1 |a Nečasová, Dagmar,  |c překladatelka  |4 trl 
765 0 |t <<Die >>Tochter der Chefarztes 
830 0 |a Doktor v domě 
830 0 |a Knihovnička Večerů pod lampou 
910 |a BOA001  |b 1-1018.168 
990 |a BK 
996 6 |b 2610033572  |c 1-1018.168  |l MZK  |r Sklad / do 1 hodiny  |n 1  |p p.v.  |w 000062528  |u 000010  |a 1  |e BOA001  |j MZK50  |s P